00129 a2200073 45000010005000001000019000052450005000242600026000293629 aSeckler, H.C.A a abPak Ubst devt ecic